| 000 | 00649nam a2200217Ii 4500 | ||
|---|---|---|---|
| 003 | JO-AjNU | ||
| 008 | 230605s9999||||xx |||||||||||||| ||und|| | ||
| 017 | _a2015/12/5848 | ||
| 040 |
_aJO-AjNU _bara _erda _cJO-AjNU |
||
| 041 | _aara | ||
| 050 | 1 | 4 | _aTA403 2016 |
| 100 | 3 |
_aالزغول، حسين عارف, _eauthor _952241 |
|
| 245 | 0 | 0 | _aمواد البناء |
| 250 | _aط1 | ||
| 264 | 3 | 1 | _aعمان : دار مجدلاوي ،2016 |
| 300 | _a226ص | ||
| 336 |
_atext _btxt _2rdacontent |
||
| 337 |
_aunmediated _bn _2rdamedia |
||
| 338 |
_avolume _bnc _2rdacarrier |
||
| 650 | 4 |
_aمواد البناء-الهندسة-المباني _952242 |
|
| 999 |
_aA23130 _c26698 _d26698 |
||